Slovenský trh Siemens potešil

Hospodárenie obchodnej spoločnosti Siemens, s.r.o. Bratislava v r. 2001. Spoločnosť je oficiálnym zastúpením nemeckého elektrokoncernu na Slovensku. Tržby a zisk firmy. Nové investície spoločnosti. Hlavnou aktivitou Siemensu v SR nie je obchod, ale výroba. Čo láka investorov na Slovensko.

Gespeichert in:
Bibliographische Detailangaben
1. Verfasser: Kremský, Peter
Format: Buchkapitel
Sprache:Slowakisch
Schlagworte:
Tags: Tag hinzufügen
Keine Tags, Fügen Sie das erste Tag hinzu!

MARC

LEADER 00000naa a2200000 4500
001 r045108
005 20230921113059.6
041 0 |a slo 
044 |a SK 
245 1 0 |a Slovenský trh Siemens potešil  |c Peter Kremský 
520 |a Hospodárenie obchodnej spoločnosti Siemens, s.r.o. Bratislava v r. 2001. Spoločnosť je oficiálnym zastúpením nemeckého elektrokoncernu na Slovensku. Tržby a zisk firmy. Nové investície spoločnosti. Hlavnou aktivitou Siemensu v SR nie je obchod, ale výroba. Čo láka investorov na Slovensko. 
610 2 0 |a hospodárenie finančné 
610 2 0 |a hospodárenie podnikové 
610 2 0 |a tržby 
610 2 0 |a zisk 
610 2 0 |a investície 
610 2 0 |a výroba 
610 2 0 |a Siemens, s.r.o. Bratislava 
610 2 0 |a 2001 
100 1 |a Kremský, Peter